| 000 | 00885nam a2200289 a 4500 | ||
|---|---|---|---|
| 999 |
_c936 _d936 |
||
| 008 | 191111r20112012ii a|||g |||| 001 0 eng d | ||
| 020 |
_a9780071321280 _cRs. 580.00 |
||
| 040 |
_aKO _beng |
||
| 041 | 0 | _aeng | |
| 044 | _aii | ||
| 082 | 0 | 4 |
_223 _a620.106 _bG391 |
| 100 | 1 | _aGiles, Ranald V. | |
| 245 | 1 | 0 |
_aSchaum's Outline of Fluid Mechanics and Hydraulics / _cRanald V. Giles, Jack B. Evett, Cheng Liu |
| 250 | _a3rd ed. | ||
| 260 |
_aNew Delhi : _bTata McGraw Hill Education Private Limited, _c2011, reprinted 2012 |
||
| 300 |
_axiii, 362 p. : _bill. ; _c27 cm. |
||
| 490 | 0 | _aSchaum's Outline Series | |
| 504 | _aIncludes index. | ||
| 650 | 0 |
_aFluid Mechanics _vTextbooks |
|
| 650 | 0 |
_aHydraulics _vTextbooks |
|
| 650 | 0 | _aPumping machinery--Fluid dynamics | |
| 700 | 1 |
_aEvett, Jack B. _eaut |
|
| 700 | 1 |
_aLiu, Cheng _eaut |
|
| 904 | _aS_JOY | ||
| 942 | _cBK | ||